[Event "Armstrong Cup 1718"]
[Site "Curragh"]
[Date "2017.10.07"]
[Round "2.8"]
[White "Turley, Robert"]
[Black "Goralski, Lukasz"]
[Result "1/2-1/2"]
[WhiteElo "1765"]
[BlackElo "1880"]
[PlyCount "54"]
[EventDate "2017.09.16"]
[EventType "team-tourn"]
[EventRounds "11"]
[EventCountry "IRL"]
[SourceTitle "EXT 2023"]
[Source "ChessBase"]
[SourceDate "2022.10.05"]
[SourceVersion "1"]
[SourceVersionDate "2022.10.05"]
[SourceQuality "1"]
[WhiteTeam "Curragh"]
[BlackTeam "Rathmines"]
[WhiteTeamCountry "IRL"]
[BlackTeamCountry "IRL"]

1. e4 d5 2. exd5 Nf6 3. d4 Bg4 4. Nf3 Qxd5 5. Be2 e6 6. 0-0 Nc6 7. Be3 Be7 8. Nc3 Qd7 9. Ne5 Nxe5 10. dxe5 Bxe2 11. Qxe2 Nd5 12. Nxd5 Qxd5 13. f4 0-0 14. Rfd1 Qc6 15. Rd3 Qb5 16. b3 Rad8 17. Rad1 a6 18. c4 Qc6 19. Qd2 h6 20. Qc3 Rxd3 21. Rxd3 Rd8 22. Rxd8+ Bxd8 23. Qd4 Be7 24. Kf2 Kf8 25. a4 Ke8 26. Qd3 Bh4+ 27. Kf1 Qd7 1/2-1/2